01503nam a2200205 a 4500008004100000020001800041041000800059092001700067100002400084245009100108250004200199260003500241300001100276500008500287505067400372655002101046942001301067999001501080952020201095180918e2014 sp |||g||||| 001 1 spa d a9788498382921 aspa c808l74sRIO1 aRiordan, Rick94305 3aLa maldición del titán.bPercy Jackson y los dioses del Olimpo III /cRick Riordan a4a ed.bTraducción Santiago del Rey aBarcelona:bSalamandra;c2014. a280 p. aRiordan, R.(2014). La maldición del titán. (4a ed.). Barcelona : Salamandra. aAnte la llamado de socorro de su amigo el sátiro Grover, Percy acude inmediatamente en su auxilio. Y aunque va acompañado de Annabeth y Thalia, las dos semidiosas que son sus aliadas, ninguno imagina la sorpresa que los aguarda: una terrible mantícora pretende secuestrarlos y llevarlos ante el general enviado por Cronos, el diabólico señor de los titanes. Sin embargo, gracias a la ayuda de las cazadoras de Artemisa, Percy y sus aliadas logran escapar y volver al campamento mestizo. Una vez allí, emprenderán la búsqueda del monstruo que puede provocar la destrucción del Olimpo, sólo uno de ellos logrará resistir la maldición del titán.  aLiteratura92917 2ddccLIT c3255d3255 00102ddc4070aBFMbBFMcCRd2025-04-23eDonación Abril 2025. Chiara Montenegrol0o808 74 RIOp5012r2025-04-24tEj.1w2025-04-24yLITzDonación Abril 2025. Chiara Montenegro. Sede Tordos.f